00555nam a2200193Ia 4500001000700000003000500007008004100012010001100053040000900064082001800073100002500091245009000116260003200206300001900238440000500257500004900262503001100311650003900322Z_3312CHAP220113s1990 xx 000 0 und d a166421 cCHAP a636.0896 B52y aBiberstein, Ernst L. aTratado de microbiología veterinaria /cpor Ernst L. Biberstein y Yuan Chung Zee aZaragoza :bAcribia,c1990 a673 p. ; ilus. a aTrad. De : Review of veterinary microbiology a188999 aMicrobiología I. Zee, Yuan Chung